スタンで終わる国々 - Statistics

General Stats
  • This quiz has been taken 1,128 times
  • The average score is 5 of 7
Answers on the Map
Answers color-coded by a green-red scale on the quiz's map according to % correct below.
 
Answer Stats
Answer % Correct
カザフスタン
82%
パキスタン
82%
アフガニスタン
71%
ウズベキスタン
70%
タジキスタン
65%
キルギスタン
63%
トルクメニスタン
60%
No matching quizzes found
Score Distribution
Percent of People with Each Score
Percentile by Number Answered
Your Score History
You have not taken this quiz